000 00839nam a2200217 a 4500
008 120416s1995 ||||||||||||||||| || u
020 _a0750689196
050 _aG 155.A85 Sus
100 _aHarris, Rob, 1957-
245 1 0 _aSustainable tourism : an Australian perspective
260 _aChatswood:
_bButterworth-Heinemann
_c1995
300 _axxxiii, 156 p. : ill.
350 _a0.00
650 _aSUSTAINABLE DEVELOPMENT--AUSTRALIA
650 _aTOURISM
650 _aECOTOURISM--AUSTRALIA
700 _aLeiper, Neil
856 _uhttp://www.loc.gov/catdir/description/els032/96122676.html
856 _uhttp://www.loc.gov/catdir/toc/els032/96122676.html
995 _D0.00
_FCBU-MAIN LIBRARY (Kitwe)
_H1
_I0.00
_M1
_UAVAILABLE
_WMay 8, 2007
_ZMain Library Open Access Collection
999 _c59255
_d59255